[Event "BL 1314 SV Mülheim Nord - SC Eppingen"]
[Site "?"]
[Date "2013.10.13"]
[Round "2.6"]
[White "Golod, Vitali"]
[Black "Braun, Arik"]
[Result "1/2-1/2"]
[WhiteElo "2567"]
[BlackElo "2564"]
[PlyCount "88"]
[EventDate "2013.??.??"]

1. d4 Nf6 2. c4 e6 3. Nf3 c5 4. d5 b5 5. Bg5 exd5 6. cxd5 h6 7. Bxf6 Qxf6 8.
Qc2 d6 9. e4 a6 10. a4 b4 11. Nbd2 Nd7 12. Bd3 g5 13. O-O Bg7 14. e5 dxe5 15.
Ne4 Qb6 16. a5 Qb8 17. Ng3 O-O 18. Rfe1 Re8 19. Nf5 Nf6 20. Nd2 Bxf5 21. Bxf5
Qc7 22. Rac1 Nxd5 23. Qxc5 Qxc5 24. Rxc5 Rad8 25. Ne4 Nf4 26. Rb1 Ne2+ 27. Kf1
Nd4 28. g4 Nb3 29. Rc6 Ra8 30. Rd1 Nxa5 31. Rc7 Red8 32. Rd6 Nb3 33. Bg6 Nd2+
34. Rxd2 fxg6 35. Rxd8+ Rxd8 36. Ra7 Rd4 37. f3 Rd1+ 38. Ke2 Rb1 39. Ra8+ Bf8
40. Ra7 Rxb2+ 41. Kd3 Rb3+ 42. Ke2 Rb2+ 43. Kd3 Rb3+ 44. Ke2 Rb2+ 1/2-1/2

[Event "BL 1314 SV Mülheim Nord - SC Eppingen"]
[Site "?"]
[Date "2013.10.13"]
[Round "2.7"]
[White "Medvegy, Zoltan"]
[Black "Hausrath, Daniel"]
[Result "1-0"]
[WhiteElo "2536"]
[BlackElo "2532"]
[PlyCount "239"]
[EventDate "2013.??.??"]

1. c4 c5 2. g3 g6 3. Bg2 Bg7 4. Nc3 Nc6 5. Nf3 d6 6. O-O Bf5 7. d3 Qd7 8. Bd2
Bh3 9. Rb1 Nf6 10. Bxh3 Qxh3 11. Nd5 O-O 12. Bg5 Nxd5 13. cxd5 Nd4 14. Nxd4
Bxd4 15. Bxe7 Rfe8 16. Bxd6 Rad8 17. Bf4 Rxd5 18. e3 Bf6 19. Qf3 Rh5 20. Qg2
Qxg2+ 21. Kxg2 Rd5 22. Rfd1 Red8 23. Bc7 Rc8 24. Ba5 c4 25. Bc3 Bxc3 26. bxc3
cxd3 27. Rxb7 Rxc3 28. Rxa7 Rc2 29. Ra4 Rf5 30. Rf4 Rxf4 31. gxf4 d2 32. a4 Kg7
33. a5 Ra2 34. a6 Rxa6 35. Rxd2 Ra5 36. Rd8 Rb5 37. h3 Ra5 38. Kg3 Rb5 39. Kg4
Ra5 40. Kg3 Rb5 41. e4 Rb3+ 42. f3 Rb1 43. Rd5 Rg1+ 44. Kf2 Rh1 45. Kg2 Ra1 46.
h4 Ra2+ 47. Kg3 Ra1 48. Rd6 Rg1+ 49. Kh2 Ra1 50. Rd7 Kf6 51. h5 Ra5 52. e5+ Ke6
53. Rd6+ Ke7 54. Rb6 Ra2+ 55. Kg3 Re2 56. Rb8 gxh5 57. Rb6 Kf8 58. Rh6 Kg7 59.
Rxh5 h6 60. Rf5 Ra2 61. Rf6 Re2 62. Ra6 Kh7 63. Kg4 Kg7 64. Ra7 Re1 65. Ra5
Rg1+ 66. Kh3 h5 67. Kh2 Rg6 68. Kh3 Rg1 69. Ra2 Kg6 70. Ra6+ Kg7 71. f5 Rg5 72.
Rf6 Rg1 73. Kh4 Rh1+ 74. Kg3 h4+ 75. Kg2 Re1 76. f4 Re3 77. Ra6 h3+ 78. Kf2 Re1
79. Kg3 Re3+ 80. Kg4 h2 81. f6+ Kg6 82. Ra1 Re2 83. Rh1 Rg2+ 84. Kh3 Ra2 85.
Rxh2 Ra4 86. Rg2+ Kf5 87. Rg5+ Ke6 88. Kg4 Ra1 89. Rg7 Rf1 90. Rh7 Rg1+ 91. Kf3
Ra1 92. Rh8 Kf5 93. Rh5+ Ke6 94. Kg3 Rg1+ 95. Kh4 Rg2 96. Rg5 Rh2+ 97. Kg3 Rh1
98. Kg2 Ra1 99. Rg7 Ra3 100. Rg3 Ra2+ 101. Kf3 Kf5 102. Rg5+ Ke6 103. Rg2 Ra3+
104. Kg4 Ra1 105. Kg5 Rf1 106. Rg4 Rh1 107. Rg2 Rf1 108. Ra2 Rg1+ 109. Kh6 Rg4
110. Ra4 Kf5 111. Kh7 Rg1 112. Rb4 Rg4 113. Rc4 Rg1 114. Rc7 Kxf4 115. e6 Rh1+
116. Kg7 fxe6 117. f7 Rg1+ 118. Kf6 Rf1 119. Rc4+ Kg3+ 120. Kxe6 1-0

[Event "BL 1314 SV Wattenscheid - Bayern Münche"]
[Site "?"]
[Date "2013.10.13"]
[Round "2.1"]
[White "Bezold, Michael"]
[Black "Bartel, Mateusz"]
[Result "0-1"]
[WhiteElo "2524"]
[BlackElo "2638"]
[PlyCount "82"]
[EventDate "2013.??.??"]

1. c4 b6 2. d4 Bb7 3. Nc3 Nf6 4. d5 e6 5. a3 Bd6 6. Nf3 O-O 7. g3 c6 8. dxc6
dxc6 9. Bg2 Qe7 10. O-O Nbd7 11. Qc2 Ne5 12. Nxe5 Bxe5 13. Ne4 Nd7 14. Rd1 Rad8
15. Bg5 f6 16. Bd2 c5 17. Bc3 Bxe4 18. Bxe4 f5 19. Bc6 Bxc3 20. Qxc3 Nf6 21.
Qc2 Ng4 22. Qc3 e5 23. Bf3 Nf6 24. e3 e4 25. Be2 Kf7 26. Rxd8 Rxd8 27. h4 h6
28. Rd1 Rxd1+ 29. Bxd1 Qd6 30. Be2 Nd7 31. Kf1 Ne5 32. Ke1 Kf6 33. Qc2 g5 34.
hxg5+ Kxg5 35. Qa4 Nf3+ 36. Bxf3 exf3 37. Qxa7 Kg4 38. Qg7+ Kh3 39. Qb7 Kg2 40.
Qd5 Qf6 41. Qd2 h5 0-1

[Event "BL 1314 SV Wattenscheid - Bayern Münche"]
[Site "?"]
[Date "2013.10.13"]
[Round "2.3"]
[White "Schenk, Andreas"]
[Black "Dragun, Kamil"]
[Result "1/2-1/2"]
[WhiteElo "2489"]
[BlackElo "2547"]
[PlyCount "66"]
[EventDate "2013.??.??"]

1. d4 d5 2. c4 e6 3. Nf3 Nf6 4. Nc3 Bb4 5. cxd5 exd5 6. Bg5 h6 7. Bxf6 Qxf6 8.
Qb3 Qb6 9. a3 Ba5 10. Qc2 Bf5 11. Qa4+ Bd7 12. Qc2 Bxc3+ 13. Qxc3 O-O 14. e3
Rc8 15. Bd3 Bb5 16. O-O Nd7 17. Rac1 a5 18. Rfd1 Bxd3 19. Qxd3 Qd6 20. Rc2 c6
21. Qd2 Rc7 22. Ne1 b6 23. Nd3 Nf6 24. Nf4 Rd8 25. h3 Qd7 26. Qe2 c5 27. dxc5
bxc5 28. Nxd5 Nxd5 29. Rcd2 Qe6 30. e4 Rcd7 31. exd5 Rxd5 32. Rxd5 Rxd5 33. Re1
Qxe2 1/2-1/2

[Event "BL 1314 SV Wattenscheid - Bayern Münche"]
[Site "?"]
[Date "2013.10.13"]
[Round "2.4"]
[White "Rustemov, Alexander"]
[Black "Belezky, Alexander"]
[Result "1/2-1/2"]
[WhiteElo "2538"]
[BlackElo "2455"]
[PlyCount "122"]
[EventDate "2013.??.??"]

1. c4 Nf6 2. Nc3 g6 3. e4 d6 4. d4 Bg7 5. Nf3 O-O 6. h3 e5 7. dxe5 dxe5 8. Qxd8
Rxd8 9. Bg5 Re8 10. Nd5 Nxd5 11. cxd5 c6 12. Bc4 cxd5 13. Bxd5 Nd7 14. Rc1 Nb6
15. Bb3 Be6 16. Bxe6 Rxe6 17. Ke2 Bf8 18. Rhd1 f6 19. Be3 Bd6 20. g4 Rae8 21.
h4 Nc8 22. h5 a6 23. Nh4 Kf7 24. Rh1 R6e7 25. g5 fxg5 26. hxg6+ hxg6 27. Nf3 g4
28. Ng5+ Kf6 29. Rcg1 Rc7 30. Rxg4 Rc2+ 31. Kf1 Bc5 32. Bxc5 Rxc5 33. Rh3 Re7
34. Rf3+ Kg7 35. Rh4 Rcc7 36. Kg2 Nd6 37. Rh7+ Kg8 38. Rxe7 Rxe7 39. Rf6 Nc4
40. b3 Kg7 41. Re6 Rxe6 42. Nxe6+ Kf6 43. Nc5 Nd6 44. Kf3 a5 45. Nd7+ Ke6 46.
Nb6 Nb5 47. Ke3 Nd4 48. Kd3 Nc6 49. Kc4 Kf6 50. Nd7+ Kg5 51. Nf8 Kf4 52. Nxg6+
Kxe4 53. Kb5 Kf3 54. Nxe5+ Nxe5 55. Kxa5 Nd7 56. Kb5 Kxf2 57. a4 Ke3 58. a5 Kd4
59. a6 bxa6+ 60. Kxa6 Nc5+ 61. Kb5 Nxb3 1/2-1/2

[Event "BL 1314 SV Wattenscheid - Bayern Münche"]
[Site "?"]
[Date "2013.10.13"]
[Round "2.5"]
[White "Jorczik, Julian"]
[Black "Appel, Ralf"]
[Result "1/2-1/2"]
[WhiteElo "2405"]
[BlackElo "2535"]
[PlyCount "108"]
[EventDate "2013.??.??"]

1. d4 Nf6 2. Nf3 d5 3. c4 dxc4 4. e3 Bf5 5. Bxc4 e6 6. O-O c6 7. Qe2 Nbd7 8.
Rd1 Be7 9. Nc3 Ne4 10. Nd2 Nxc3 11. bxc3 Bc2 12. Re1 Bg6 13. a4 O-O 14. e4 Re8
15. Bd3 Qc7 16. Nc4 e5 17. Be3 Bf6 18. Qc2 b5 19. Nd2 a6 20. Nb3 h6 21. f3 Rad8
22. axb5 axb5 23. Ra6 Nf8 24. Bf1 Ne6 25. Rd1 Rd6 26. Qa2 Red8 27. Ra8 Kh7 28.
Rxd8 Qxd8 29. Qf2 Bg5 30. Rc1 Qf6 31. Bxg5 Qxg5 32. Ra1 Qf6 33. Ra6 exd4 34.
cxd4 Nxd4 35. Nxd4 Rxd4 36. Rxc6 Qxc6 37. Qxd4 f6 38. Qb4 Be8 39. Bd3 Qd7 40.
Bc2 Qa7+ 41. Kf1 Qa1+ 42. Ke2 Bg6 43. Qxb5 Qg1 44. Kd2 Qxg2+ 45. Qe2 Qg5+ 46.
Ke1 Qf4 47. Qf2 h5 48. h4 Qc1+ 49. Bd1 Bf7 50. f4 Bb3 51. Qf3 Bxd1 52. Qxd1
Qe3+ 53. Qe2 Qc1+ 54. Qd1 Qe3+ 1/2-1/2

[Event "BL 1314 SV Wattenscheid - Bayern Münche"]
[Site "?"]
[Date "2013.10.13"]
[Round "2.7"]
[White "Zajogin, Alexander"]
[Black "Mladenov, Svetlin"]
[Result "0-1"]
[WhiteElo "2392"]
[BlackElo "2453"]
[PlyCount "70"]
[EventDate "2013.??.??"]

1. d4 Nf6 2. c4 c5 3. d5 e6 4. Nc3 exd5 5. cxd5 d6 6. e4 g6 7. f4 Bg7 8. Bb5+
Nfd7 9. Be2 Qh4+ 10. g3 Qd8 11. Nf3 O-O 12. O-O Na6 13. e5 dxe5 14. f5 Nf6 15.
fxg6 hxg6 16. d6 Bh3 17. Re1 c4 18. Bxc4 Qb6+ 19. Be3 Qxb2 20. Qd2 Qb4 21. Bxa6
bxa6 22. Rab1 Qa5 23. Ne4 Qxd2 24. Nxf6+ Bxf6 25. Bxd2 Rfd8 26. Bc3 Rxd6 27.
Bxe5 Bxe5 28. Rxe5 Rd3 29. Ng5 f6 30. Nxh3 fxe5 31. Nf2 Rd4 32. Rb7 Rc8 33. Rb2
Rdc4 34. Re2 Rc1+ 35. Kg2 R1c2 0-1

[Event "BL 1314 SV Wattenscheid - Bayern Münche"]
[Site "?"]
[Date "2013.10.13"]
[Round "2.8"]
[White "Dinstuhl, Volkmar"]
[Black "Unzicker, Ferdinand"]
[Result "1-0"]
[WhiteElo "2401"]
[BlackElo "2337"]
[PlyCount "67"]
[EventDate "2013.??.??"]

1. d4 d5 2. c4 e6 3. Nc3 c5 4. cxd5 exd5 5. Nf3 Nc6 6. g3 c4 7. Bg2 Bb4 8. O-O
Nge7 9. a3 Ba5 10. e4 O-O 11. Nxd5 Nxd5 12. exd5 Qxd5 13. Ne5 Qb5 14. a4 Qa6
15. Nxc6 bxc6 16. Qf3 Bd7 17. Bf4 Rac8 18. Rfc1 Rfd8 19. Bf1 Be6 20. Be3 Rb8
21. Rc2 h6 22. Rac1 Rb4 23. b3 Rxb3 24. Bxc4 Bxc4 25. Rxc4 Bd2 26. Rxc6 Qxa4
27. Rc8 Ba5 28. Rxd8+ Bxd8 29. Rc8 Qa5 30. Qe4 Ra3 31. Qe8+ Kh7 32. Qxf7 Rc3
33. Rxc3 Qxc3 34. Qf5+ 1-0

[Event "BL 1314 OSG Baden Baden - SF Katernberg"]
[Site "?"]
[Date "2013.10.13"]
[Round "2.1"]
[White "Volokitin, Andrei"]
[Black "Bacrot, Etienne"]
[Result "1/2-1/2"]
[WhiteElo "2683"]
[BlackElo "2730"]
[PlyCount "99"]
[EventDate "2013.??.??"]

1. e4 e5 2. Nf3 Nc6 3. Bb5 Nf6 4. O-O Nxe4 5. d4 Nd6 6. Bxc6 dxc6 7. dxe5 Nf5
8. Qxd8+ Kxd8 9. h3 Ke8 10. Nc3 h5 11. Bf4 Be7 12. Rad1 Be6 13. Ng5 Rh6 14.
Rfe1 Bb4 15. g4 hxg4 16. hxg4 Ne7 17. f3 Bxc3 18. bxc3 Bxa2 19. Ne4 Rh7 20. e6
fxe6 21. Ng5 Rh6 22. Ne4 Rh7 23. Bxc7 b5 24. Ra1 Bd5 25. Ra6 Rh6 26. Kf2 Ng6
27. Bg3 Ke7 28. Nc5 Rhh8 29. Rea1 Rhf8 30. Rxa7+ Rxa7 31. Rxa7+ Ke8 32. Ra8+
Ke7 33. Ra7+ Ke8 34. Ra8+ Ke7 35. Rxf8 Nxf8 36. Be5 Nd7 37. Nxd7 Kxd7 38. Bxg7
Ke7 39. Ke3 Kf7 40. Bd4 Bc4 41. Be5 Bd5 42. f4 Kg6 43. Kd4 Bf3 44. g5 Bd5 45.
Kc5 Be4 46. Kd6 Kf7 47. Bd4 Bd5 48. c4 bxc4 49. c3 Bf3 50. Be5 1/2-1/2

[Event "BL 1314 OSG Baden Baden - SF Katernberg"]
[Site "?"]
[Date "2013.10.13"]
[Round "2.2"]
[White "Naiditsch, Arkadij"]
[Black "Kryvoruchko, Yuriy"]
[Result "1/2-1/2"]
[WhiteElo "2724"]
[BlackElo "2696"]
[PlyCount "77"]
[EventDate "2013.??.??"]

1. e4 e5 2. Nf3 Nc6 3. Bb5 a6 4. Bxc6 dxc6 5. O-O Qf6 6. d4 exd4 7. Bg5 Qd6 8.
Nxd4 Bd7 9. Nc3 Ne7 10. f4 O-O-O 11. f5 c5 12. Nde2 Qxd1 13. Raxd1 f6 14. Bf4
b5 15. Ng3 b4 16. Nce2 Nc6 17. Rd5 Be8 18. Rxd8+ Kxd8 19. Rd1+ Kc8 20. c4 Bf7
21. b3 Be7 22. Kf2 Re8 23. Be3 Bd6 24. Nf4 Ne5 25. h3 a5 26. Nd5 Kb7 27. Ne2
Nd7 28. Kf3 Ne5+ 29. Kf2 a4 30. Bf4 Ra8 31. Bxe5 Bxe5 32. Ndf4 Bd6 33. Nd3 axb3
34. axb3 Ra3 35. Nec1 Ra1 36. Rd2 Be8 37. Ra2 Rb1 38. Rb2 Ra1 39. Ra2 1/2-1/2

[Event "BL 1314 OSG Baden Baden - SF Katernberg"]
[Site "?"]
[Date "2013.10.13"]
[Round "2.4"]
[White "Movsesian, Sergei"]
[Black "Bok, Benjamin"]
[Result "1-0"]
[WhiteElo "2696"]
[BlackElo "2525"]
[PlyCount "74"]
[EventDate "2013.??.??"]

1. c4 Nf6 2. Nc3 e5 3. g3 Bb4 4. Bg2 O-O 5. e4 Bxc3 6. bxc3 c6 7. Qb3 b6 8. d3
h6 9. f4 exf4 10. Bxf4 Re8 11. Ne2 d5 12. cxd5 cxd5 13. e5 Bg4 14. Nd4 Nbd7 15.
O-O Nc5 16. Qc2 Nh7 17. Nb5 Nb7 18. c4 Rc8 19. Qf2 Be6 20. Nxa7 Rc7 21. Qxb6
dxc4 22. dxc4 Bxc4 23. Rfd1 Rd7 24. Qxd8 Rexd8 25. Rxd7 Rxd7 26. Bc6 Rd3 27.
Bxb7 g5 28. Bc1 Rd7 29. Rb1 Bxa2 30. Rb2 Rd1+ 31. Kf2 Rxc1 32. Rxa2 Rc5 33. Nc6
Nf8 34. Ra5 Rc2+ 35. Ke3 Ng6 36. Nd4 Rxh2 37. Be4 Kh7 1-0

[Event "BL 1314 OSG Baden Baden - SF Katernberg"]
[Site "?"]
[Date "2013.10.13"]
[Round "2.5"]
[White "Firman, Nazar"]
[Black "Shirov, Alexei"]
[Result "1/2-1/2"]
[WhiteElo "2526"]
[BlackElo "2685"]
[PlyCount "83"]
[EventDate "2013.??.??"]

1. e4 c5 2. Nf3 Nc6 3. Nc3 g6 4. d4 cxd4 5. Nxd4 Bg7 6. Nb3 d6 7. Be2 Nf6 8.
O-O O-O 9. Re1 Be6 10. Bf1 d5 11. Nc5 Bg4 12. f3 d4 13. Nb5 a6 14. fxg4 axb5
15. g5 Nd7 16. Nxd7 Qxd7 17. Bxb5 Qc7 18. Bd3 Be5 19. h3 Bf4 20. Qg4 Bxc1 21.
Rexc1 Qb6 22. b3 Nb4 23. Qd7 e6 24. a4 Nxd3 25. cxd3 Qxb3 26. Qxd4 Rad8 27. Qc3
Rxd3 28. Qxb3 Rxb3 29. Rcb1 Rxb1+ 30. Rxb1 Rd8 31. Rxb7 Rd4 32. a5 Ra4 33. Ra7
Rxe4 34. a6 Ra4 35. Ra8+ Kg7 36. a7 Ra2 37. g4 Ra1+ 38. Kf2 Ra2+ 39. Ke3 Ra3+
40. Ke4 Ra4+ 41. Kd3 Ra3+ 42. Kc4 1/2-1/2

[Event "BL 1314 OSG Baden Baden - SF Katernberg"]
[Site "?"]
[Date "2013.10.13"]
[Round "2.6"]
[White "Nielsen, Peter Heine"]
[Black "Zaragatski, Ilja"]
[Result "1-0"]
[WhiteElo "2649"]
[BlackElo "2510"]
[PlyCount "93"]
[EventDate "2013.??.??"]

1. d4 e6 2. Nf3 c5 3. e4 cxd4 4. Nxd4 Nf6 5. Nc3 Nc6 6. Nxc6 bxc6 7. e5 Nd5 8.
Ne4 Qc7 9. f4 Ba6 10. c4 Bb4+ 11. Kf2 Qb6+ 12. Kf3 f5 13. exf6 Nxf6 14. Be3 Qa5
15. Nxf6+ gxf6 16. a3 Be7 17. Kf2 h5 18. b4 Qf5 19. Bd3 Qg4 20. Be2 Qg6 21. Rc1
Bb7 22. Bf3 a5 23. Qb3 axb4 24. axb4 Kf7 25. Rhd1 Bc8 26. c5 Ra6 27. Rd2 Qf5
28. Kg1 Rg8 29. Rd4 h4 30. Bf2 Qh7 31. Re1 f5 32. Qd1 Ke8 33. Qd3 Ra2 34. Qb3
Ra7 35. Rd2 Qh6 36. Be3 Kf7 37. Red1 Qg6 38. Bd4 Qh6 39. Be5 h3 40. g3 Bh4 41.
b5 cxb5 42. Bb8 d5 43. Bxa7 Bxg3 44. hxg3 Rxg3+ 45. Kh2 Qxf4 46. Bh5+ Rg6+ 47.
Kh1 1-0

[Event "BL 1314 OSG Baden Baden - SF Katernberg"]
[Site "?"]
[Date "2013.10.13"]
[Round "2.7"]
[White "Scholz, Christian"]
[Black "Schlosser, Philipp"]
[Result "0-1"]
[WhiteElo "2379"]
[BlackElo "2602"]
[PlyCount "54"]
[EventDate "2013.??.??"]

1. d4 Nf6 2. c4 e6 3. Nc3 Bb4 4. e3 O-O 5. Bd3 d5 6. Nf3 b6 7. O-O Bb7 8. a3
Bd6 9. b3 Nbd7 10. Bb2 c5 11. Qe2 Rc8 12. e4 cxd4 13. Nxd4 Be5 14. Nxd5 exd5
15. exd5 Re8 16. Qf3 b5 17. Rab1 bxc4 18. bxc4 Nb6 19. Nf5 Bxb2 20. Rxb2 g6 21.
Qg3 Nh5 22. Qg4 Qf6 23. Rb4 Rc5 24. g3 Bc8 25. Qd4 Bxf5 26. Qxc5 Bxd3 27. Rd1
Qf3 0-1

[Event "BL 1314 OSG Baden Baden - SF Katernberg"]
[Site "?"]
[Date "2013.10.13"]
[Round "2.8"]
[White "Dautov, Rustem"]
[Black "Rosen, Bernd"]
[Result "1-0"]
[WhiteElo "2601"]
[BlackElo "2341"]
[PlyCount "51"]
[EventDate "2013.??.??"]

1. d4 e6 2. c4 f5 3. g3 Nf6 4. Bg2 c6 5. Qc2 d5 6. Nh3 Qb6 7. e3 Na6 8. a3 c5
9. dxc5 Qxc5 10. Nd2 Bd7 11. b4 Qc7 12. Bb2 Rc8 13. Rc1 dxc4 14. Qxc4 Qb6 15.
Qb3 Rxc1+ 16. Bxc1 Be7 17. O-O O-O 18. Bb2 Nc7 19. Nf4 Rd8 20. Rc1 Bc8 21. Bd4
Rxd4 22. exd4 Bd7 23. Nc4 Qb5 24. Ne5 Bd6 25. Rxc7 Bxc7 26. Nxe6 1-0

[Event "BL 1314 SV Hockenheim - Turm Emsdetten"]
[Site "?"]
[Date "2013.10.13"]
[Round "2.1"]
[White "Giri, Anish"]
[Black "Buhmann, Rainer"]
[Result "1-0"]
[WhiteElo "2749"]
[BlackElo "2582"]
[PlyCount "133"]
[EventDate "2013.??.??"]

1. d4 d5 2. c4 c6 3. Nf3 Nf6 4. g3 Bf5 5. Nc3 e6 6. Nh4 Bg6 7. Nxg6 hxg6 8. Qd3
Nbd7 9. Bg2 Be7 10. O-O O-O 11. Rd1 Qa5 12. b3 Rad8 13. cxd5 exd5 14. a3 Qc7
15. Bf4 Bd6 16. Bg5 Be7 17. Rdc1 Qb8 18. b4 Rfe8 19. b5 c5 20. Bxf6 Nxf6 21.
dxc5 Bxc5 22. Nxd5 Qe5 23. Nxf6+ gxf6 24. Qf3 Rd2 25. Bf1 Red8 26. Qxb7 Bd4 27.
Rab1 Qf5 28. Qg2 Bb2 29. Re1 Qxb5 30. Qe4 Qc5 31. a4 f5 32. Qb7 Qb6 33. Qxb6
axb6 34. e3 Kg7 35. Re2 Rxe2 36. Bxe2 Rd2 37. Kf1 Rc2 38. Bd1 Rd2 39. Bf3 Rc2
40. Kg2 Rd2 41. Bc6 Kf6 42. h3 Ke7 43. Kf3 Kf6 44. Bb7 Ke7 45. Ba6 Kf6 46. Bc4
Ke7 47. Bf1 Kf6 48. Ba6 Ke7 49. Bc4 Kf6 50. g4 fxg4+ 51. hxg4 Rc2 52. Bb3 Rd2
53. Rg1 Kg7 54. Bc4 Ba3 55. Rb1 Rc2 56. Be2 Rb2 57. Rd1 Be7 58. Rd7 Bh4 59. Rb7
Rb4 60. Bb5 Rb2 61. Be2 Rb4 62. Bb5 Rb2 63. g5 Bxg5 64. Bc4 Bh4 65. a5 Rb4 66.
Rxf7+ Kh6 67. a6 1-0

[Event "BL 1314 SV Hockenheim - Turm Emsdetten"]
[Site "?"]
[Date "2013.10.13"]
[Round "2.5"]
[White "Ipatov, Alexander"]
[Black "Wagner, Dennis"]
[Result "1-0"]
[WhiteElo "2625"]
[BlackElo "2481"]
[PlyCount "89"]
[EventDate "2013.??.??"]

1. Nf3 Nf6 2. g3 g6 3. Bg2 Bg7 4. O-O d5 5. d4 O-O 6. Bf4 c5 7. dxc5 Na6 8. c6
bxc6 9. Qc1 Qb6 10. Be5 Nc5 11. c4 Ncd7 12. Bc3 Ba6 13. Nbd2 Rfe8 14. b4 e5 15.
Rb1 Rac8 16. Ba1 e4 17. c5 Qc7 18. Nd4 e3 19. fxe3 Ng4 20. e4 Bh6 21. Qc3 Qe5
22. N2f3 Qxe4 23. Nf5 f6 24. Nxh6+ Nxh6 25. Nd4 Qe5 26. Qa3 Bxe2 27. Rbe1 Bxf1
28. Rxe5 fxe5 29. Nxc6 Bxg2 30. Nxa7 Ra8 31. Kxg2 d4 32. Qb3+ Kg7 33. Nb5 Nf5
34. Nc7 Ne3+ 35. Kf3 Rf8+ 36. Ke4 Nf6+ 37. Kxe5 Neg4+ 38. Kxd4 Rad8+ 39. Kc4
Kh6 40. Ne6 Ne4 41. Bg7+ Kh5 42. Bxf8 Nd2+ 43. Kc3 Ne4+ 44. Kb2 Rd2+ 45. Ka3
1-0

[Event "BL 1314 SV Hockenheim - Turm Emsdetten"]
[Site "?"]
[Date "2013.10.13"]
[Round "2.7"]
[White "Pruijssers, Roeland"]
[Black "Papin, Vasily"]
[Result "1-0"]
[WhiteElo "2529"]
[BlackElo "2512"]
[PlyCount "87"]
[EventDate "2013.??.??"]

1. e4 c5 2. Nf3 e6 3. d4 cxd4 4. Nxd4 a6 5. Bd3 g6 6. O-O Bg7 7. Nb3 Nc6 8. c3
Qc7 9. f4 d6 10. Be3 Nf6 11. N1d2 Rb8 12. a4 O-O 13. a5 e5 14. Nc4 exf4 15.
Bxf4 Ne5 16. Nb6 Re8 17. Bg5 Bg4 18. Qc2 Ned7 19. Qf2 Be6 20. Nd4 Nc5 21. Bxf6
Nxd3 22. Qd2 Bxf6 23. Rxf6 Ne5 24. Raf1 Rbd8 25. Kh1 Bc4 26. R1f4 Nd3 27. Rg4
Ne5 28. Rh4 Qe7 29. Qg5 Be6 30. Nf5 Qf8 31. Nh6+ Kh8 32. Rhf4 Qg7 33. h4 Rf8
34. h5 Rde8 35. Rf1 Nd3 36. Nd7 Bxd7 37. Nxf7+ Kg8 38. Nh6+ Kh8 39. Nf7+ Kg8
40. hxg6 h5 41. Nh6+ Kh8 42. Nf7+ Kg8 43. Qxh5 Re5 44. Nh6+ 1-0

[Event "BL 1314 SV Hockenheim - Turm Emsdetten"]
[Site "?"]
[Date "2013.10.13"]
[Round "2.8"]
[White "Rau, Hannes"]
[Black "Burg, Twan"]
[Result "1/2-1/2"]
[WhiteElo "2458"]
[BlackElo "2499"]
[PlyCount "169"]
[EventDate "2013.??.??"]

1. d4 Nf6 2. c4 e6 3. Nc3 Bb4 4. Qc2 O-O 5. a3 Bxc3+ 6. Qxc3 b6 7. Bg5 h6 8.
Bh4 Ba6 9. e3 d6 10. Bd3 Nbd7 11. b4 c5 12. Ne2 cxd4 13. exd4 Rc8 14. Qb3 Qc7
15. Rc1 e5 16. b5 Bb7 17. O-O exd4 18. Nxd4 Nc5 19. Qd1 Nxd3 20. Qxd3 Ne4 21.
Nf5 Rfe8 22. f3 Qc5+ 23. Nd4 d5 24. fxe4 dxc4 25. Qc3 Rxe4 26. Bf2 Rg4 27. Nf3
Qxb5 28. h3 Rg6 29. Bd4 Re8 30. Rf2 Qd5 31. Re1 Rxe1+ 32. Qxe1 Qd7 33. Qe5 Kh7
34. Kh2 f6 35. Qf4 b5 36. Bc3 a6 37. Rd2 Qe7 38. Bb4 Qe6 39. Nh4 Rg5 40. Nf3
Bxf3 41. Qxf3 Qe5+ 42. g3 Rf5 43. Qe2 Qxe2+ 44. Rxe2 Rf3 45. Rc2 a5 46. Bc5 Rb3
47. Kg2 c3 48. Kf3 b4 49. axb4 axb4 50. Ke2 Rb1 51. Bxb4 Rxb4 52. Rxc3 g5 53.
Kf3 Kg6 54. Rc2 h5 55. Kg2 f5 56. Rc6+ Kf7 57. Rc7+ Kf6 58. Rc6+ Ke5 59. Rg6
Rb2+ 60. Kg1 g4 61. hxg4 hxg4 62. Rg8 Ke4 63. Rf8 Rd2 64. Rf7 Rc2 65. Rf8 Rc7
66. Kg2 Rc2+ 67. Kg1 Ra2 68. Rf7 Ra5 69. Kg2 Ra2+ 70. Kg1 Kf3 71. Rxf5+ Kxg3
72. Rf1 Kh3 73. Rb1 g3 74. Rc1 Rg2+ 75. Kh1 Rf2 76. Kg1 Rd2 77. Ra1 Rd3 78. Rb1
g2 79. Ra1 Kg3 80. Rb1 Rf3 81. Ra1 Rf7 82. Ra3+ Rf3 83. Ra1 Rf1+ 84. Rxf1
gxf1=Q+ 85. Kxf1 1/2-1/2

[Event "BL 1314 Hamburger SK - Schachfr. Berlin"]
[Site "?"]
[Date "2013.11.24"]
[Round "3.1"]
[White "Melkumyan, Hrant"]
[Black "Kravtsiv, Martyn"]
[Result "1/2-1/2"]
[WhiteElo "2634"]
[BlackElo "2611"]
[PlyCount "130"]
[EventDate "2013.??.??"]

1. d4 Nf6 2. c4 e6 3. Nf3 d5 4. Nc3 Bb4 5. Bg5 Nbd7 6. cxd5 exd5 7. e3 c5 8.
dxc5 Qa5 9. Rc1 Bxc3+ 10. bxc3 O-O 11. Nd4 Ne4 12. Bf4 Ndxc5 13. Qc2 Na4 14.
Bd3 Qxc3+ 15. Qxc3 Naxc3 16. Bxe4 Nxe4 17. f3 Nf6 18. Kf2 Bd7 19. Rc7 b6 20.
Rhc1 Rfc8 21. R1c2 Rxc7 22. Rxc7 Bc8 23. Nc6 Be6 24. a3 a6 25. Nd4 b5 26. g4 h6
27. h4 Re8 28. g5 hxg5 29. hxg5 Nh5 30. Bd6 Bh3 31. Rc1 Bd7 32. Rc7 Bh3 33. Ra7
Bc8 34. Nc6 Kh7 35. Rxf7 Re6 36. Ne7 Rxd6 37. Nxc8 Rc6 38. Ne7 Rc2+ 39. Ke1 Ra2
40. f4 Rxa3 41. Kf2 d4 42. exd4 b4 43. Rf8 g6 44. Rf7+ Ng7 45. Nd5 Kg8 46. Rb7
Nf5 47. Nf6+ Kf8 48. Rxb4 a5 49. Rb6 Ra2+ 50. Kf3 Nxd4+ 51. Ke4 Nf5 52. Ng4
Ng3+ 53. Kf3 Ra3+ 54. Kf2 Ne4+ 55. Ke2 Rg3 56. Ne5 Nxg5 57. Nxg6+ Ke8 58. Rb8+
Kf7 59. Ne5+ Kf6 60. Rf8+ Kg7 61. Ra8 Nh3 62. Nd3 Ng1+ 63. Kf2 Rxd3 64. Kxg1
Rf3 65. Rxa5 Rxf4 1/2-1/2

[Event "BL 1314 Hamburger SK - Schachfr. Berlin"]
[Site "?"]
[Date "2013.11.24"]
[Round "3.3"]
[White "Mista, Aleksander"]
[Black "Ghaem Maghami, Ehsan"]
[Result "1-0"]
[WhiteElo "2582"]
[BlackElo "2561"]
[PlyCount "103"]
[EventDate "2013.??.??"]

1. e4 c5 2. Nf3 d6 3. d4 cxd4 4. Nxd4 Nf6 5. Nc3 a6 6. Be2 e5 7. Nb3 Be7 8. O-O
O-O 9. Re1 Be6 10. Bf3 Nbd7 11. a4 Rc8 12. a5 Qc7 13. Be3 h6 14. Nd2 Nh7 15.
Nf1 Bg5 16. g3 Rfd8 17. h4 Bxe3 18. Nxe3 Nhf6 19. Bg2 b5 20. axb6 Qxb6 21. Na4
Qc6 22. b3 Nc5 23. Nd5 Bxd5 24. exd5 Qb7 25. Qd2 Nxa4 26. Rxa4 Rc5 27. Rea1 e4
28. Bxe4 Nxe4 29. Rxe4 Rxd5 30. Qe2 a5 31. Re8+ Rxe8 32. Qxe8+ Kh7 33. Qe4+ f5
34. Qf3 Qf7 35. c4 Re5 36. Rd1 Qe6 37. Rd4 Re4 38. Rd3 a4 39. bxa4 Rxc4 40. Re3
Qg6 41. h5 Qg4 42. Qxg4 fxg4 43. Ra3 Rc1+ 44. Kg2 Kg8 45. a5 Rc8 46. a6 Kf7 47.
a7 Ra8 48. Kf1 Ke6 49. Ke2 Kd5 50. Kd3 Kc5 51. Ra1 Kb6 52. Kd4 1-0

[Event "BL 1314 Hamburger SK - Schachfr. Berlin"]
[Site "?"]
[Date "2013.11.24"]
[Round "3.4"]
[White "Svane, Rasmus"]
[Black "Schneider, Ilja"]
[Result "1/2-1/2"]
[WhiteElo "2467"]
[BlackElo "2510"]
[PlyCount "64"]
[EventDate "2013.??.??"]

1. d4 d5 2. c4 c6 3. Nc3 Nf6 4. e3 a6 5. Qc2 e6 6. Nf3 c5 7. cxd5 exd5 8. Be2
Be6 9. O-O Nc6 10. Rd1 Nb4 11. Qb1 Qc8 12. Bd2 Bf5 13. Qc1 c4 14. a3 Nd3 15.
Bxd3 Bxd3 16. Ne5 Bf5 17. Re1 Bd6 18. Nxd5 Bxe5 19. e4 Be6 20. dxe5 Nxd5 21.
exd5 Bxd5 22. Re3 Qe6 23. Rg3 O-O-O 24. Ba5 b6 25. Bc3 h5 26. Rxg7 Rdg8 27. Qg5
Rxg7 28. Qxg7 Rh6 29. Qf8+ Kb7 30. Rd1 Rg6 31. g3 a5 32. Qd6 Qxd6 1/2-1/2

[Event "BL 1314 Hamburger SK - Schachfr. Berlin"]
[Site "?"]
[Date "2013.11.24"]
[Round "3.5"]
[White "Dann, Matthias"]
[Black "Ftacnik, Lubomir"]
[Result "1-0"]
[WhiteElo "2440"]
[BlackElo "2545"]
[PlyCount "69"]
[EventDate "2013.??.??"]

1. Nf3 Nf6 2. c4 e6 3. g3 d5 4. Bg2 Be7 5. O-O O-O 6. b3 c5 7. Bb2 Nc6 8. e3 b6
9. Qe2 Bb7 10. d4 cxd4 11. exd4 Rc8 12. Nbd2 Rc7 13. Rfd1 Qc8 14. Rac1 Rd8 15.
Nf1 Nb4 16. a3 Nc6 17. c5 bxc5 18. dxc5 a5 19. Bh3 Ne4 20. Qe3 f5 21. b4 axb4
22. axb4 Ba6 23. Qe1 Rb7 24. Nd4 Nxb4 25. c6 Rb6 26. c7 Re8 27. Ne3 Nd3 28.
Rxd3 Bxd3 29. Ndxf5 Rxb2 30. Nxe7+ Rxe7 31. Nxd5 Re8 32. Nf4 Ng5 33. Bg4 Bf5
34. Qe5 Qb7 35. Nh5 1-0